MDQL
is popping MORE tags! Check the
thread
!
Quizzes
Events
Quiz Creation
Community
Videos
Private Events
Remove Ads
Sign In
Join for FREE
Feedback
Dark Mode
Quiz Categories
Sports
Geography
Music
Movies
Television
Just For Fun
Miscellaneous
History
Literature
Language
Science
Gaming
Entertainment
Religion
Holiday
For Kids
Quiz Lab
Recent
Popular Today
Quiz Kudos Today
Editor Picks
Curator Picks
Quizzes by...
Day
Popularity
Type
Ratings
Length
Year
Community
Subscriptions
Recent Discussions
Orange Saloon
Badges
Playlists
Quests
Create
Leaderboards
Showdown
Live 5
Trivia Bingo
Activity
Puzzle Library
Sporcle Events
Private Events
Virtual Trivia
Globe League
Become a Host
Pub Owners
SporcleCon
Opinionation
Our Games
Videos
Blog
Mobile Apps
Partnerships
Remove Ads and Go Orange
Feedback
Sports
Athletes
MLB
NBA
NHL
NFL
Soccer
Sports Teams
WWE
NCAA
Football
Premier League
Basketball
Baseball
Hockey
Golf
Tennis
Cricket
Rugby
Auto Racing
Olympics
World Cup
Sports
Athletes
MLB
NBA
NHL
NFL
Soccer
Sports Teams
WWE
NCAA
Football
Premier League
Basketball
Baseball
Hockey
Golf
Tennis
Cricket
Rugby
Auto Racing
Olympics
World Cup
Random Quiz
Search Sporcle
×
Quiz Lab
Quiz Lab
Sports
MLB
Type in answers that appear in a list
Type in answers that appear in a list
Classic
Best Score? Go Orange.
MLB Top 10 On Base Percentage (2010s) Stats
Can you name the MLB Top 10 On Base Percentage (2010s)?
By
JUnit
15m
100 Questions
1,639 Plays
1,639 Plays
1,639 Plays
Comments
Comments
Give Quiz Kudos
Give Quiz Kudos
-
- Ratings
hide this ad
Replay
Link that replays current quiz
Next Quiz
Link to next quiz in quiz playlist
You Got
0%
They Got
Avg Score
50%
Avg Friend Score
Upgrade to see
Score Distribution
Jump to the score distribution portion of the page
Score
0/100
Timer
15:00
0
Plays Today
Year
Player
% Correct
2016
Mike Trout
94.8%
2017
Mike Trout
94.8%
2018
Mike Trout
94.8%
2019
Mike Trout
94.8%
2012
Mike Trout
94.7%
2013
Mike Trout
94.7%
2015
Mike Trout
94.7%
2010
Miguel Cabrera
91%
2011
Miguel Cabrera
91%
2012
Miguel Cabrera
91%
2013
Miguel Cabrera
91%
2015
Miguel Cabrera
91%
2016
Miguel Cabrera
90.4%
2010
Albert Pujols
88.9%
2015
Bryce Harper
88.1%
2016
Joey Votto
85.3%
2017
Joey Votto
85.3%
2018
Joey Votto
85.3%
2018
Bryce Harper
85%
2010
Joey Votto
83.9%
2011
Joey Votto
83.9%
2013
Joey Votto
83.9%
2015
Joey Votto
83.9%
2016
Jose Altuve
82.6%
2017
Jose Altuve
82.6%
2018
Christian Yelich
82.6%
2019
Christian Yelich
82.6%
2018
Mookie Betts
82.2%
2019
Mookie Betts
82.2%
2017
Aaron Judge
81.2%
2011
David Ortiz
81.1%
2013
David Ortiz
81.1%
2019
Cody Bellinger
79.5%
2018
JD Martinez
76.7%
Year
Player
% Correct
2016
Brandon Belt
76.5%
2011
Adrian Gonzalez
76.3%
2016
David Ortiz
75.7%
2011
Ryan Braun
75.4%
2012
Ryan Braun
75.4%
2012
Buster Posey
74.6%
2015
Buster Posey
74.6%
2011
Jose Bautista
74.3%
2014
Jose Bautista
74.3%
2016
Paul Goldschmidt
74%
2017
Paul Goldschmidt
74%
2018
Paul Goldschmidt
74%
2017
Kris Bryant
73.3%
2010
Prince Fielder
73.3%
2011
Prince Fielder
73.3%
2012
Prince Fielder
73.3%
2015
Prince Fielder
73.3%
2019
Anthony Rizzo
72.7%
2016
Freddie Freeman
72.4%
2017
Freddie Freeman
72.4%
2010
Josh Hamilton
72.3%
2014
Giancarlo Stanton
72%
2013
Paul Goldschmidt
71.7%
2015
Paul Goldschmidt
71.7%
2012
Andrew McCutchen
71.2%
2013
Andrew McCutchen
71.2%
2014
Andrew McCutchen
71.2%
2015
Andrew McCutchen
71.2%
2014
Victor Martinez
71%
2016
Josh Donaldson
70.5%
2014
Adrian Beltre
69.8%
2019
Nelson Cruz
69.7%
2018
Alex Bregman
68.5%
2019
Alex Bregman
68.5%
Year
Player
% Correct
2014
Anthony Rizzo
67.8%
2015
Anthony Rizzo
67.8%
2010
Joe Mauer
65.4%
2012
Joe Mauer
65.4%
2013
Joe Mauer
65.4%
2011
Matt Kemp
63.8%
2017
Anthony Rendon
63.7%
2019
Anthony Rendon
63.7%
2013
Freddie Freeman
61.2%
2014
Freddie Freeman
61.2%
2012
David Wright
61%
2017
Justin Turner
60.4%
2014
Jose Abreu
58.9%
2019
Juan Soto
58.8%
2019
Carlos Santana
52.4%
2016
DJ LeMahieu
48.9%
2018
Lorenzo cain
42.9%
2013
Jayson Werth
41.8%
2014
Jayson Werth
41.8%
2010
Paul Konerko
40.6%
2014
Michael Brantley
37.4%
2015
Michael Brantley
37.4%
2010
Jason Heyward
36.8%
2010
Shin-Soo Choo
33.1%
2013
Shin-Soo Choo
33.1%
2011
Lance Berkman
31.1%
2012
Dexter Fowler
20%
2018
Brandon Nimmo
15.9%
2017
Tommy Pham
14%
2012
Miguel Montero
6.7%
2010
Daric Barton
6.2%
2011
Alex Avila
6.1%
Quiz Playlist
Details
Report
Send in Message
Add To Playlist
Classic:
Type in answers that appear in a list
Last Updated: Jan 3, 2020
Quiz Scoreboard
CHALLENGE
Sign Up to Join the Scoreboard
Show All
Scores
Hide
Comments
May contain spoilers
Recently Published
Holiday 10x10 Sorting Gallery
by lukepisani3
Holiday
15m
Two Season TV Shows II
by 123Four
Television
10m
Image Sorting: Flags VI
by Barbecue
Geography
2m
More to Explore
Quiz From the Vault
Featured Blog Post
14 Easter Pick-up Lines to Find Eggs With
hide this ad
You Might Also Like...
Tags
Baseball Quiz
MLB Quiz
2010s
MLB Player
OBP
OBP Leaders
Today's Top Quizzes in Sports
Browse Sports
hide this ad
Today's Top Quizzes in MLB
Browse MLB
Top Contributed Quizzes in Sports
1
Les meilleurs buteurs des matchs entre le PSG et l’OM
2
Les entraîneurs de l'OM et du PSG au 21e siècle
3
2022 World Cup Stars
4
Les joueurs passés par le PSG et l'OM
5
Players with Multiple 50 Home Run Seasons
6
FIFA Club World Cup Champions
7
Criteria MLB: Left Handed Sluggers
8
Les joueurs passés par le LOSC et le RC Lens
9
Top 10 NHL Goal Scorers of All Time
10
NBA Logic Puzzle 2.0
Explore More
Trending Topics
Kpop
Crossword
Marvel
Harry Potter
Disney
Anime
NBA
Country
Pokémon
WWE
Song
NFL
The Office
Puzzle
Soccer
hide this ad
More By:
JUnit
Quiz
Plays
Rating
Category
Featured
Created
MLB TOP 10 HRs (2010s)
5,275
4.33
Sports
Mar 27, 2016
Big 4 Last 10 Division Winners
2,532
3.50
Sports
Apr 27, 2016
MLB Top 10 On Base Percentage (2010s)
1,639
4.20
Sports
Mar 28, 2016
Last 5 6+ WAR Seasons Per Team
1,502
4.55
Sports
Apr 23, 2016
NHL Last 5 80-Point Seasons by Team
828
4.50
Sports
Jan 28, 2016
Go to Creator's Profile
Score Distribution
Quiz Creator Spotlight
JUnit
Follow
Send a Message
Quizzes Created
-
Created Quiz Play Count
-
More By This Creator
Popular Quizzes Today
1
Find the US States - No Outlines Minefield
2
Colored Red Africa Blitz
3
Find the 'City' Movie
4
The Countries of the World
5
5x2 Blitz: Bands
6
Find the Countries of Europe - No Outlines Minefield
7
Find the US States
8
US States
More Sports Quizzes
Boston Celtics Stat Leaders 2010s
Quiz Lab
Trending Quizzes
Colored Red Europe Blitz I
Colored Red Africa Blitz II
Colored Red Europe Blitz II
Even More Two Season TV Shows
Colored Red Africa Blitz III
Recently Updated
Odd Team Out - Big 4 Players
pecheneg
Quick Pick: 20 Twenties
pecheneg
March Madness Men's Triple Doubles
pecheneg
How Do You Spell That?
pecheneg
Godzilla Movies
pecheneg
Grab Bag: 4-10 Letters
pecheneg
2024 March Madness Bracket
pecheneg
Famous TV Couples
Peacemaker
Champions League XIs: Real Madrid
pecheneg
Largest US Cities 1790-2010
pecheneg
Trending Topics
NBA
Disney
Kpop
Anime
Harry Potter
Marvel
Crossword
Country
Song
WWE
NFL
Pokémon
The Office
Puzzle
Soccer
Your Account Isn't Verified!
In order to create a playlist on Sporcle, you need to verify the email address you used during registration. Go to your
Sporcle Settings
to finish the process.
Report this User
Report this user for behavior that violates our
Community Guidelines
.
Details:
Send Report
Go to the Sporcle.com Mobile Site →
Comments